| 000 | 01375nab a22002897a 4500 | ||
|---|---|---|---|
| 999 |
_c6348 _d6348 |
||
| 003 | OSt | ||
| 005 | 20260131190524.0 | ||
| 008 | 190603e xxum|||| |||| 00| 0 spa d | ||
| 040 | _cPJ | ||
| 100 |
_95959 _aIglesias, Mariana B. |
||
| 245 | 1 | 0 |
_aDatos y activos digitales en el marco de la transmisión hereditaria / _cMariana B. Iglesias. |
| 260 |
_cCiudad Autónoma de Buenos Aires : _aThomson Reuters La Ley, _b2025. |
||
| 300 | _ap. 18-25 | ||
| 500 | _aCita: TR LALEY AR/DOC/2867/2025 Publicado en: RCCyC 2025 (Diciembre). | ||
| 505 | _aSumario: I. Contenido de la herencia, datos y activos digitales.— II. La transmisión mortis causa de los datos. A propósito de precedentes jurisprudenciales comparados.— III. La transmisión mortis causa de activos digitales.— IV. Conclusión. | ||
| 505 | _t¿Te interesa el texto completo? Solicitalo al correo: koha@justierradelfuego.gov.ar | ||
| 650 | 0 |
_91497 _aCODIGO CIVIL Y COMERCIAL |
|
| 650 | 0 |
_9888 _aSUCESIONES |
|
| 650 | 0 |
_94108 _aDATOS PERSONALES |
|
| 650 | 0 |
_91084 _aHEREDEROS |
|
| 650 | 0 |
_91115 _aTESTAMENTOS |
|
| 650 | 0 |
_92724 _aDERECHO A LA INTIMIDAD |
|
| 650 | 0 |
_96398 _aCRIPTOMONEDA |
|
| 650 | 0 |
_96081 _aCIENCIA Y TECNOLOGÍA |
|
| 773 | 0 |
_02713 _93170 _dCiudad Autónoma de Buenos Aires : Thomson Reuters La Ley, 2015- _tRevista Código Civil y Comercial. Nº 6 - Diciembre 2025 |
|
| 942 |
_2udc _cANA |
||